The rationalisation of housing association stock (Record no. 106826)

MARC details
000 -LEADER
fixed length control field 01298cad a22002415a 4500
001 - CONTROL NUMBER
control field L137567
008 - FIXED-LENGTH DATA ELEMENTS--GENERAL INFORMATION
fixed length control field 070416e20070330xxk f 000 0 eng d
020 ## - INTERNATIONAL STANDARD BOOK NUMBER
International Standard Book Number 9781905018512
035 ## - SYSTEM CONTROL NUMBER
System control number (Sirsi) u137567
041 0# - LANGUAGE CODE
Language code of text/sound track or separate title eng
050 04 - LIBRARY OF CONGRESS CALL NUMBER
Classification number 306.52 $2 18
100 1# - MAIN ENTRY--PERSONAL NAME
Personal name Webb, Sarah
110 2# - MAIN ENTRY--CORPORATE NAME
Corporate name or jurisdiction name as entry element Chartered Institute of Housing
9 (RLIN) 2394
245 04 - TITLE STATEMENT
Title The rationalisation of housing association stock
Remainder of title a policy and practice report
Medium [electronic resource]
260 ## - PUBLICATION, DISTRIBUTION, ETC.
Place of publication, distribution, etc. Coventry
Name of publisher, distributor, etc. Chartered Institute of Housing
Date of publication, distribution, etc. 2007
520 ## - SUMMARY, ETC.
Summary, etc. Patterns of housing association property ownership and management have developed over time in response to a number of perfectly rational drivers, yet some now seem incoherent in nature. This work, sponsored by the Housing Corporation, considers the extent to which stock rationalisation within the housing association sector would produce improvements in operational efficiency, service delivery, community engagement and neighbourhood regeneration.
590 ## - LOCAL NOTE (RLIN)
Local note KA
650 24 - SUBJECT ADDED ENTRY--TOPICAL TERM
Topical term or geographic name entry element Affordable housing
9 (RLIN) 6215
651 #4 - SUBJECT ADDED ENTRY--GEOGRAPHIC NAME
Geographic name United Kingdom
Chronological subdivision
690 ## - LOCAL SUBJECT ADDED ENTRY--TOPICAL TERM (OCLC, RLIN)
Topical term or geographic name as entry element PROPERTY-RESIDENTIAL PROPERTY-DOMESTIC RESIDENTIAL PROPERTY-HOUSING
856 40 - ELECTRONIC LOCATION AND ACCESS
Uniform Resource Identifier <a href="https://www.housingcorp.gov.uk/server/show/ConWebDoc.10669">https://www.housingcorp.gov.uk/server/show/ConWebDoc.10669</a>
Public note View the item free of charge at www.housingcorp.gov.uk...
942 ## - ADDED ENTRY ELEMENTS (KOHA)
Suppress in OPAC 0
Holdings
Withdrawn status Lost status Source of classification or shelving scheme Damaged status Not for loan Home library Current library Shelving location Date acquired Total Checkouts Full call number Barcode Date last seen Copy number Price effective from Koha item type
    Dewey Decimal Classification     Virtual Virtual Online 16/04/2007   L137567 137567-1001 06/08/2019 1 06/08/2019 Book